Twenty-four hours of local cohomology / (Record no. 102953)

MARC details
000 -LEADER
fixed length control field 00893nam a22002777a 4500
005 - DATE AND TIME OF LATEST TRANSACTION
control field 20160901162249.0
010 ## - LCCN (DPL NO)
LC control number ENG-115829
020 ## - INTERNATIONAL STANDARD BOOK NUMBER
International Standard Book Number 9780821868836
Terms of availability 115829
035 ## - SYSTEM CONTROL NUMBER
System control number EN-99361
037 ## - SOURCE OF ACQUISITION
Source of stock number/acquisition DBAD/PUB
082 ## - DEWEY DECIMAL CLASSIFICATION NUMBER
Classification number 514.23
100 ## - MAIN ENTRY--PERSONAL NAME
Personal name Iyengar,Srikanth B.
245 ## - TITLE STATEMENT
Title Twenty-four hours of local cohomology /
Statement of responsibility, etc bySrikanth B. Iyengar
260 ## - PUBLICATION, DISTRIBUTION, ETC. (IMPRINT)
Place of publication, distribution, etc Rhode Island
Name of publisher, distributor, etc American Mathematical Society
Date of publication, distribution, etc 2011
270 ## - ADDRESS
Address (Universities Press) 3-6-747/1/A&3-6-754/1,Himayat Nagar
City Hydrabad
Postal code 500029
300 ## - PHYSICAL DESCRIPTION
Extent xviii,282p.
Dimensions 24cm(pbk)
490 ## - SERIES STATEMENT
Series statement Vol-87 Graduate Studies in Mathematics
500 ## - GENERAL NOTE
General note Includes bibliographical references and index
700 ## - ADDED ENTRY--PERSONAL NAME
Personal name Leuschke Graham J.
700 ## - ADDED ENTRY--PERSONAL NAME
Personal name Leykin Anto
700 ## - ADDED ENTRY--PERSONAL NAME
Personal name Miller Claudis
700 ## - ADDED ENTRY--PERSONAL NAME
Personal name Miller,Ezra
700 ## - ADDED ENTRY--PERSONAL NAME
Personal name Singh Anurag K.
700 ## - ADDED ENTRY--PERSONAL NAME
Personal name Walther Uli
942 ## - ADDED ENTRY ELEMENTS (KOHA)
Source of classification or shelving scheme Dewey Decimal Classification
Item type English Books
Classification part 514.23
Call number suffix IYE
Holdings
Withdrawn status Lost status Not for loan Collection code Home library Current library Date acquired Source of acquisition Cost, normal purchase price Full call number Barcode Copy number Cost, replacement price Koha item type
    Not For Loan Non-fiction D.B.Act.Division Bawana 01/09/2016 DBAD/PUB 1075.00 514.23 IYE EN-99361 1 1075.00 English Books

© Delhi Public Library
Hit Counter
free hit counter